<?xml version="1.0" encoding="UTF-8"?>
<record
    xmlns:xsi="http://www.w3.org/2001/XMLSchema-instance"
    xsi:schemaLocation="http://www.loc.gov/MARC21/slim http://www.loc.gov/standards/marcxml/schema/MARC21slim.xsd"
    xmlns="http://www.loc.gov/MARC21/slim">

  <leader>00653nam a22002297a 4500</leader>
  <controlfield tag="003">UA-OsUOA</controlfield>
  <controlfield tag="001"> 19751 </controlfield>
  <controlfield tag="007">ta</controlfield>
  <controlfield tag="008">20040920b un ||||| |||| 00| 0 ukr d</controlfield>
  <datafield tag="100" ind1=" " ind2=" ">
    <subfield code="a">&#x41E;&#x432;&#x441;&#x435;&#x44E;&#x43A; &#x404;.</subfield>
  </datafield>
  <datafield tag="090" ind1=" " ind2=" ">
    <subfield code="b">&#x41D;-37</subfield>
  </datafield>
  <datafield tag="942" ind1=" " ind2=" ">
    <subfield code="c">SA</subfield>
  </datafield>
  <datafield tag="040" ind1=" " ind2=" ">
    <subfield code="a">UA-OsUOA</subfield>
    <subfield code="b">ukr</subfield>
    <subfield code="c">UA-OsUOA</subfield>
    <subfield code="d">UA-OsUOA</subfield>
  </datafield>
  <datafield tag="245" ind1=" " ind2=" ">
    <subfield code="a">&#x421;&#x43B;&#x456;&#x434;&#x438; &#x43D;&#x430; &#x447;&#x443;&#x436;&#x456;&#x439; &#x437;&#x435;&#x43C;&#x43B;&#x456;</subfield>
    <subfield code="b">[&#x421;&#x43F;&#x43E;&#x433;&#x430;&#x434;&#x438; &#x43A;&#x43E;&#x43B;&#x438;&#x448;&#x43D;&#x44C;&#x43E;&#x433;&#x43E; &#x440;&#x435;&#x43F;&#x440;&#x435;&#x441;&#x43E;&#x432;&#x430;&#x43D;&#x43E;&#x433;&#x43E;, &#x436;&#x438;&#x442;&#x435;&#x43B;&#x44F; &#x417;&#x434;&#x43E;&#x43B;&#x431;&#x443;&#x43D;&#x456;&#x432;&#x449;&#x438;&#x43D;&#x438;]</subfield>
  </datafield>
  <datafield tag="300" ind1=" " ind2=" ">
    <subfield code="a">&#x421;.55-77</subfield>
  </datafield>
  <datafield tag="955" ind1=" " ind2=" ">
    <subfield code="a">0</subfield>
  </datafield>
  <datafield tag="041" ind1=" " ind2=" ">
    <subfield code="a">ukr</subfield>
  </datafield>
  <datafield tag="591" ind1=" " ind2=" ">
    <subfield code="a">63.3(4&#x423;&#x43A;&#x440;)</subfield>
  </datafield>
  <datafield tag="044" ind1=" " ind2=" ">
    <subfield code="a">UA</subfield>
  </datafield>
  <datafield tag="773" ind1="0" ind2=" ">
    <subfield code="w">0</subfield>
    <subfield code="t">&#x41D;&#x430;&#x448;&#x430; &#x412;&#x43E;&#x43B;&#x438;&#x43D;&#x44C;</subfield>
    <subfield code="d">&#x420;&#x456;&#x432;&#x43D;&#x435;</subfield>
    <subfield code="d">2002</subfield>
  </datafield>
  <datafield tag="650" ind1=" " ind2="7">
    <subfield code="a">&#x406;&#x441;&#x442;&#x43E;&#x440;&#x456;&#x44F;</subfield>
    <subfield code="2">UDC</subfield>
  </datafield>
  <datafield tag="999" ind1=" " ind2=" ">
    <subfield code="c">305924</subfield>
    <subfield code="d">305924</subfield>
  </datafield>
</record>
